00666nam a22002177a 450000500170000000800410001702000260005804000080008404100120009208200170010424501100012126000380023130000210026950400270029065000190031770000270033670000240036370000250038770000260041285000100043820200306140255.0200306b xxu||||| |||| 00| 0 eng d a9789353450311c₹599 beng aEnglish a330.954bBAN aWhat the economy needs nowcEdited by Abhijit Banerjee, Gita Gopinath, Raghuram Rajan and Mihir S. Sharma aNew DelhibJuggernaut Booksc2019 aviii,224pb24 cm aIncludes bibliographoy aEconomyzIndia 4ed.aBanerjee, Abhijit 4ed.aGopinath, Gita 4ed.aRajan, Raghuram 4ed.aSharma, Mihir S. aLCLIB